LEADER 01857nam a2200349 u 4500 001 000000085092 003 CaOOAMICUS 005 20070226124141.0 008 050727s2004 it u000 u ita u 035 $a11055519 040 $aPUL(R)$bita 041 1 $aita$aeng$afre 110 2 $aSocietà italiana di diritto internazionale.$0(OLS)http://pul/name/55945 245 10$aOrdine internazionale e valori etici = International order and ethical values / :$bVIII Convegno, Verona 26-27 giugno 2003 /$cSIDI, Società italiana di diritto internazionale ; a cura di Nerina Boschiero. 246 31$aInternational order and ethical values 260 $aNapoli :$bEditoriale Scientifica,$cc2004. 300 $a497 p. ;$c23 cm 490 1 $aSocietà italiana di diritto internazionale ;$v8 504 $aBibliografia in nota. 546 $aTesto in italiano, inglese e francese. 650 4$aDiritto internazionale$xCongressi.$0(OLS)http://pul/subject/18225 650 4$aEtica$xCongressi.$0(OLS)http://pul/subject/24160 700 1 $aBoschiero, Nerina.$0(OLS)http://pul/name/55946 830 0$aSocietà italiana di diritto internazionale ;$v8.$0(OLS)http://pul/title/110502 850 $aPUL 852 $aPUL$W1$xSL Diritto e Scienze Sociali 3$y79$m341. 584 SIDI 1$j108162$nBK-PRI$b $qDDC 21$B108162$CPULBib$Z2$F108162 $HPUL98940 $81 852 $aPUL$W1$xDP1 Fondo G. Barberini$y122$m4 C 59$j177677$nBK-PRI$b 2 copia$qFondi$B180777$CPULBib$Z2$F180777 $HBar615 $81 941 1 $a9 941 1 $a1 996 $6245$aOrdine internazionale e valori etici = International order and ethical values$9(OLS)http://pul/title/110500 996 $6246$aInternational order and ethical values$9(OLS)http://pul/title/110501 996 $6260$aNapoli :$bEditoriale Scientifica$9(OLS)http://pul/publisher/64720 LEADER 01195nam a2200265 a 4500 001 000000153807 003 CaOOAMICUS 005 20160913113153.0 008 160913s1958 riu u000 u eng r 032 $aLibriCat 040 $aPUL$bita 100 1 $aMurphy, James M.$0(OLS)http://pul/name/97881 245 14$aThe population problem and man's right to own private property /$cJames M. Murphy. 260 $aProvidence :$b[s.n.],$c1958. 300 $ax, 50 p. ;$c23 cm. 502 $aEstratto da tesi -- Pontificium Athenaeum Angelicum de Urbe, Facultate Scientiarum Socialium, 1958. 504 $aBibliografia in nota. 650 4$aProprietà privata.$0(OLS)http://pul/subject/38446 710 2 $aPontificio Ateneo Angelicum.$bFacoltà di scienze sociali.$kTesi.$0(OLS)http://pul/name/97883 850 $aPUL 852 $aPUL$W1$xDP1 Tesi Pon. Univ. S. Tommaso$y44$mTH S.THOM PH133a$j176820$qTesi$B179773$CPULBib$Z2$F179773 $H20446 $81 941 1 $a16 996 $6245$aThe population problem and man's right to own private property$9(OLS)http://pul/title/193334 996 $6260$aProvidence :$b[s.n.]$9(OLS)http://pul/publisher/70352